| Tag |
First Indicator |
Second Indicator |
Subfields |
| LEADER |
00000cam a2200000 i 4500 |
| 001 |
in00000791109 |
| 005 |
20151017071020.0 |
| 008 |
760311s1976 dcu s f00010 eng d |
| 010 |
|
|
|a gp 77000002
|
| 035 |
|
|
|a (OCoLC)02118482
|
| 035 |
|
|
|9 ADP4091AM
|
| 040 |
|
|
|a DLC
|c DLC
|d GPO
|d UtOrBLW
|
| 043 |
|
|
|a n-us---
|
| 050 |
|
0 |
|a HD1751
|b .A5 no. 525
|
| 074 |
|
|
|a 15
|
| 082 |
0 |
|
|a 338.1/0973 s
|a 338.1/7/6500973
|
| 086 |
|
|
|a A 1.34:525/supp.
|
| 110 |
1 |
|
|a United States.
|b Department of Agriculture.
|b Economic Research Service.
|
| 245 |
1 |
0 |
|a Poultry and egg statistics :
|b supplement for 1972-75 to statistical bulletin no.525.
|
| 264 |
|
1 |
|a [Washington] :
|b U.S. Dept. of Agriculture, Econmic Research Service, [Commodity Economics Division, Poultry Program Area],
|c [1976]
|
| 300 |
|
|
|a vi, 41 pages ;
|c 26 cm.
|
| 336 |
|
|
|a text
|b txt
|2 rdacontent
|
| 337 |
|
|
|a unmediated
|b n
|2 rdamedia
|
| 338 |
|
|
|a volume
|b nc
|2 rdacarrier
|
| 490 |
1 |
|
|a Statistical bulletin ; no. 525
|
| 500 |
|
|
|a Tables.
|
| 500 |
|
|
|a Updates data in Statistical bulletin number 525, Poultry and egg statistics through 1972; also for use with, and is updated by, Poultry and egg situation.
|
| 650 |
|
0 |
|a Eggs
|z United States
|x Statistics.
|
| 650 |
|
0 |
|a Poultry
|z United States
|x Statistics.
|
| 830 |
|
0 |
|a Statistical bulletin (United States. Department of Agriculture) ;
|v no. 525.
|
| 999 |
|
|
|a MARS
|
| 999 |
f |
f |
|s 99c24082-7916-3d1c-a7ca-edf3fd015a4f
|i 24f6e7a2-0456-38af-a2a5-2f5e9bb369ef
|t 0
|
| 952 |
f |
f |
|p normal
|a Texas A&M University
|b College Station
|c Sterling C. Evans Library
|d Evans: US Documents (Annex 5th floor)
|t 0
|e A 1.34:525/supp.
|h Superintendent of Documents classification
|i unmediated -- volume
|m A14813532445
|
| 998 |
f |
f |
|a A 1.34:525/supp.
|t 0
|l Evans: US Documents (Annex 5th floor)
|